000 00617cam a22001815a 4500
001 L141358
008 071119e18480814xxk eng u
035 _a(Sirsi) u141358
041 0 _aeng
245 0 0 _aAnno undecimo & duodecimo Victoriae Reginae
_bCap. L. an act to empower the Commissioners of Her Majesty's Woods to remove the colonnade in the Regent's Quadrant (14th August 1848)
260 _aLondon
_bGeorge E. Eyre and William Spottiswoode
_c1848
300 _a[11] p.
_c30 cm.
340 _aPrinted
351 _cSingle item
651 4 _aUnited Kingdom
_y
690 _aBUILT ENVIRONMENT
942 _n0
999 _c116714
_d116714